|
|
|
|
| LEADER |
01548cas a2200241 a 4500 |
| 001 |
AALejournalIMF002711 |
| 008 |
230101c9999 xx r poo 0 0eng d |
| 020 |
|
|
|c 5.00 USD
|
| 020 |
|
|
|z 9781451813210
|
| 022 |
|
|
|a 1934-7685
|
| 040 |
|
|
|a BD-DhAAL
|c BD-DhAAL
|
| 110 |
2 |
|
|a International Monetary Fund.
|
| 245 |
1 |
0 |
|a Finland :
|b Selected Issues.
|
| 264 |
|
1 |
|a Washington, D.C. :
|b International Monetary Fund,
|c 2003.
|
| 300 |
|
|
|a 1 online resource (51 pages)
|
| 490 |
1 |
|
|a IMF Staff Country Reports
|
| 500 |
|
|
|a <strong>Off-Campus Access:</strong> No User ID or Password Required
|
| 500 |
|
|
|a <strong>On-Campus Access:</strong> No User ID or Password Required
|
| 506 |
|
|
|a Electronic access restricted to authorized BRAC University faculty, staff and students
|
| 520 |
3 |
|
|a In light of potential changes in fiscal policy in Finland, the impact of changes in the fiscal stance on short-term economic growth is an issue of interest. This paper estimates the short-term impact of fiscal policy on growth in Finland. The estimates are based on a structural vector autoregression (SVAR) model. However, identifying the long-term impact of changes in labor taxes on employment and growth is not an easy task. Although fiscal policy influences GDP in the short-term, the impact remains small compared with results.
|
| 538 |
|
|
|a Mode of access: Internet
|
| 830 |
|
0 |
|a IMF Staff Country Reports; Country Report ;
|v No. 2003/326
|
| 856 |
4 |
0 |
|z Full text available on IMF
|u http://elibrary.imf.org/view/journals/002/2003/326/002.2003.issue-326-en.xml
|z IMF e-Library
|